LIBRARY & INFORMATION CENTRE, KCAET, TAVANUR

ONLINE PUBLIC ACCESS CATALOGUE (OPAC)

Principles and procedures of plant pathology / (Record no. 1909)

MARC details
000 -LEADER
fixed length control field 00615cam a2200241ua 4500
041 ## - LANGUAGE CODE
Language code of text/sound track or separate title eng
082 ## - DEWEY DECIMAL CLASSIFICATION NUMBER
Classification number 581.2
Item number CHA/PR
100 ## - MAIN ENTRY--AUTHOR NAME
Personal name Chattopadhyay, S.B .
245 ## - TITLE STATEMENT
Title Principles and procedures of plant pathology /
250 ## - EDITION STATEMENT
Edition statement 2 /
260 ## - PUBLICATION, DISTRIBUTION, ETC. (IMPRINT)
Place of publication New Delhi :
Name of publisher Oxford & IBH Publishing company ,
Year of publication 1985.
300 ## - PHYSICAL DESCRIPTION
Number of Pages 547 ; .
942 ## - ADDED ENTRY ELEMENTS (KOHA)
Koha item type Books
Holdings
Withdrawn status Lost status Damaged status Home library Current library Date acquired Full call number Accession Number Koha item type
      KAUAET KAUAET 31/03/1986 581.2 CHA/PR 15298 Books
      KAUAET KAUAET 31/03/1986 581.2 CHA/PR 15282 Books
      KAUAET KAUAET 31/03/1986 581.2 CHA/PR 15295 Books
      KAUAET KAUAET 31/03/1986 581.2 CHA/PR 15296 Books
      KAUAET KAUAET 31/03/1986 581.2 CHA/PR 15294 Books
      KAUAET KAUAET 31/03/1986 581.2 CHA/PR 15297 Books
free website counter